000 00210 a2200085 4500
020 _a9788412494211
100 _aUrban Commons Research Collective
245 _aUrban Commons Handbook
260 _bDpr-Barcelona
_c2022
999 _c12805
_d12805